Protein cơ sở của sự sống

Đã lưu trong:
书目详细资料
主要作者: Lê Doãn Diên
格式: 图书
语言:Undetermined
出版: Hà Nội KHKT 1979
主题:
标签: 添加标签
没有标签, 成为第一个标记此记录!
Thư viện lưu trữ: Trung tâm Học liệu Trường Đại học Cần Thơ
LEADER 00498nam a2200169Ia 4500
001 CTU_7926
008 210402s9999 xx 000 0 und d
082 |a 574.19245 
082 |b D562 
100 |a Lê Doãn Diên 
245 0 |a Protein cơ sở của sự sống 
245 0 |c Lê Doãn Diên, Lê Huy Thụy, Mỹ Xuyên 
260 |a Hà Nội 
260 |b KHKT 
260 |c 1979 
650 |a biochemistry,proteins 
980 |a Trung tâm Học liệu Trường Đại học Cần Thơ